Stability by Liapunov's direct method : (Record no. 6509)
[ view plain ]
| 000 -LEADER | |
|---|---|
| fixed length control field | 00883nam a2200265 a 4500 |
| 001 - CONTROL NUMBER | |
| control field | 6509 |
| 003 - CONTROL NUMBER IDENTIFIER | |
| rucl marc code | BD-RjUL |
| 005 - DATE AND TIME OF LATEST TRANSACTION | |
| control field | 20211208234245.0 |
| 008 - FIXED-LENGTH DATA ELEMENTS--GENERAL INFORMATION | |
| fixed length control field | 160830r19631961nyua b 001 0 eng d |
| 035 ## - SYSTEM CONTROL NUMBER | |
| System control number | (BD-RjUL)6550 |
| 040 ## - CATALOGING SOURCE | |
| Original cataloging agency | BD-RjUL |
| Language of cataloging | eng |
| Transcribing agency | BD-RjUL |
| 041 ## - LANGUAGE CODE | |
| Language code of text/sound track or separate title | eng |
| 082 00 - DEWEY DECIMAL CLASSIFICATION NUMBER | |
| Edition number | 23 |
| Classification number | 515.35 |
| Author mark and year | SAS 1963 |
| 100 1# - MAIN ENTRY--PERSONAL NAME | |
| Personal name | Salle, Joseph La |
| 9 (RLIN) | 20490 |
| 245 10 - TITLE STATEMENT | |
| Title | Stability by Liapunov's direct method : |
| Remainder of title | with applications / |
| Statement of responsibility, etc. | [by] Joseph La Salle and Solomon Lefschetz. |
| 260 ## - PUBLICATION, DISTRIBUTION, ETC. (IMPRINT) | |
| Place of publication, distribution, etc. | New York ; |
| -- | London : |
| Name of publisher, distributor, etc. | Academic Press, |
| Date of publication, distribution, etc. | 1961 [Reprinted 1963] |
| 300 ## - PHYSICAL DESCRIPTION | |
| Pagination | ix, 134 p : |
| Illustrations | ill. ; |
| Size | 24 cm. |
| 504 ## - BIBLIOGRAPHY, ETC. NOTE | |
| Bibliography, etc | Includes bibliography and index |
| 650 #0 - SUBJECT ADDED ENTRY--TOPICAL TERM | |
| Topical term or geographic name as entry element | Stability. |
| 9 (RLIN) | 7329 |
| Topical term or geographic name as entry element | Differntial equations. |
| 9 (RLIN) | 153637 |
| 700 1# - ADDED ENTRY--PERSONAL NAME | |
| Personal name | Lefschetz, Solomon, |
| Dates associated with a name | 1884-1972. |
| 830 #0 - SERIES ADDED ENTRY--UNIFORM TITLE | |
| Volume number/sequential designation | vol. 4 |
| Uniform title | Mathematics in science and engineering ; |
| 942 ## - ADDED ENTRY ELEMENTS (KOHA) | |
| Source of classification or shelving scheme | Dewey Decimal Classification |
| Koha item type | Books |
| Lost status | Source of classification or shelving scheme | Damaged status | Not for loan | Collection code | Permanent Location | Current Location | Shelving location | Date acquired | Source of acquisition | Cost, normal purchase price | Total Checkouts | Full call number | Date last seen | Copy number | Koha item type |
|---|---|---|---|---|---|---|---|---|---|---|---|---|---|---|---|
| Dewey Decimal Classification | Non-fiction | Central Library, University of Rajshahi | Central Library, University of Rajshahi | 21/12/1963 | Zeitlinger | 44.00 | 515.35 SAS 1963 | 11/01/2014 | C-2 | Books | |||||
| Dewey Decimal Classification | Non-fiction | Central Library, University of Rajshahi | Central Library, University of Rajshahi | 21/12/1963 | Zeitlinger | 44.00 | 515.35 SAS 1963 | 30/08/2016 | C-3 | Books |